Bilancia pohybu obyvateľstva v Slovenskej republike podľa národnosti 2004

Enregistré dans:
Détails bibliographiques
Format: Livre
Langue:slovaque
Publié: Bratislava Štatistický úrad Slovenskej republiky 2005
Collection:Demografia a sociálna štatistika
Sujets:
Tags: Ajouter un tag
Pas de tags, Soyez le premier à ajouter un tag!

MARC

LEADER 00000nam$a2200000$$$4500
001 0037120
005 20240509075040.5
041 0 |a slo 
044 |a SK 
245 1 0 |a Bilancia pohybu obyvateľstva v Slovenskej republike podľa národnosti 2004 
264 1 |a Bratislava  |b Štatistický úrad Slovenskej republiky  |c 2005 
300 |a 107 s. 
490 1 |a Demografia a sociálna štatistika 
830 0 |a Demografia a sociálna štatistika 
610 2 0 |a Slovensko 
610 2 0 |a pohyb obyvateľstva 
610 2 0 |a národnosti